Social problems / (Record no. 5294)
[ view plain ]
| 000 -LEADER | |
|---|---|
| fixed length control field | 00713nam a2200205Ia 4500 |
| 020 ## - INTERNATIONAL STANDARD BOOK NUMBER | |
| ISBN | 0394354273 |
| 020 ## - INTERNATIONAL STANDARD BOOK NUMBER | |
| ISBN | 9780394354279 |
| 050 00 - CALL NUMBER | |
| Classification number | HM51 |
| Item number | .R445 |
| 100 1# - AUTHOR | |
| Personal name | Ritzer, George. |
| 245 10 - TITLE | |
| Title | Social problems / |
| Statement of responsibility, etc | George Ritzer. |
| 250 ## - EDITION | |
| Edition statement | Second edition. |
| 260 ## - PUBLICATION INFORMATION | |
| Place of publication | New York : |
| Name of publisher | Random House, |
| Year of publication | ©1986. |
| 300 ## - DESCRIPTION | |
| Number of Pages | viii, 632 pages : |
| Other physical details | illustrations ; |
| Dimensions | 25 cm. |
| 500 ## - NOTES | |
| General note | Revised edition of: Social problems / Rodney Stark. 1st edition [1975]. |
| 505 ## - FORMATTED CONTENTS NOTE | |
| Table of Content | pt.1. Analyzing social problems<br/>pt.2. Deviant behavior<br/>pt.3. Problems of conflict and inequality<br/>pt.4. Problems of human progress |
| 650 #0 - SUBJECTS | |
| Topical Term | Sociology. |
| 650 #0 - SUBJECTS | |
| Topical Term | Social problems. |
| 700 1# - OTHER AUTHORS | |
| Personal name | Stark, Rodney. |
| 942 ## - ADDED ENTRY ELEMENTS (KOHA) | |
| Koha item type | Books |
| Withdrawn status | Lost status | Home library | Current library | Shelving location | Date acquired | Full call number | Accession Number | Koha item type | Collection code |
|---|---|---|---|---|---|---|---|---|---|
| Methodist University Library Main | Methodist University Library Main | General Stacks | HM51 .R445 | 17267 | Books | ||||
| Methodist University Library Main | Methodist University Library Main | General Stacks | HM51 .R445 | 17266 | Books | ||||
| Methodist University Library Main | Methodist University Library Main | General Stacks | HM51 .R445 | 17272 | Books | ||||
| Methodist University Library Main | Methodist University Library Main | General Stacks | HM51 .R445 | 17273 | Books | ||||
| Methodist University Library Main | Methodist University Library Main | General Stacks | HM51 .R445 | 27587 | Books | Reference | |||
| Methodist University Library Main | Methodist University Library Main | General Stacks | HM51 .R445 | 17269 | Books | Reference | |||
| Methodist University Library Main | Methodist University Library Main | General Stacks | HM51 .R445 | 17270 | Books |